000
00256nam a22000977a 4500
100
_a
Ambily, K.K.
245
_a
Saasthreeyamaya valaprayogathinu mannum ilayum parisodhikkam
260
_b
Rubber, 699(August): 2024. 14-16.
300
_b
Malayalam
942
_c
JS
999
_c
75331
_d
75331